[Event "20th NATO Chess Ch"]
[Site "?"]
[Date "2009.06.18"]
[Round "5.42"]
[White "Bubblys, Vaidotas"]
[Black "Stuhr, Finn"]
[Result "0-1"]
[WhiteElo "1930"]
[BlackElo "1665"]
[PlyCount "32"]
[SourceDate "2000.01.03"]

1. d4 Nf6 2. c4 b6 3. Nc3 Nc6 4. Nf3 Bb7 5. e4 d6 6. Be2 e6 7. Bg5 Be7 8. Rc1
h6 9. Bh4 g5 10. Bg3 g4 11. Ng1 h5 12. h3 Rg8 13. e5 dxe5 14. dxe5 Qxd1+ 15.
Rxd1 Nd7 16. Rd4 Nxd4 0-1

[Event "20th NATO Chess Ch"]
[Site "?"]
[Date "2009.06.18"]
[Round "5.43"]
[White "De Cat, Ben"]
[Black "Kacevicius, Dangiras"]
[Result "1-0"]
[WhiteElo "1920"]
[BlackElo "1730"]
[PlyCount "77"]
[SourceDate "2000.01.03"]

1. d3 e6 2. e4 d5 3. Nd2 d4 4. f4 e5 5. fxe5 Be6 6. Ndf3 Nc6 7. Ne2 Bg4 8. Bf4
Nge7 9. c3 Bxf3 10. gxf3 Ng6 11. Bg3 dxc3 12. Nxc3 Ngxe5 13. f4 Ng6 14. Nd5 Bc5
15. Rc1 Bb6 16. b4 O-O 17. a4 Nge7 18. Nxb6 axb6 19. b5 Nd4 20. Bg2 Qd6 21. O-O
c5 22. f5 Qd7 23. Rf4 Rxa4 24. Rh4 Ra2 25. Qh5 h6 26. Bf4 Ne2+ 27. Kh1 Nxf4 28.
Rxf4 f6 29. Rg1 Rfa8 30. Bf1 Ra1 31. Rxg7+ Kxg7 32. Rg4+ Kf8 33. Qxh6+ Ke8 34.
Qh8+ Ng8 35. Qxg8+ Ke7 36. Rg7+ Kd6 37. Qd5+ Kc7 38. Qxd7+ Kb8 39. Qxb7# 1-0

[Event "20th NATO Chess Ch"]
[Site "?"]
[Date "2009.06.18"]
[Round "6.2"]
[White "Wantiez, Fabrice"]
[Black "Sypien, Mateusz"]
[Result "1/2-1/2"]
[WhiteElo "2339"]
[BlackElo "2245"]
[PlyCount "82"]
[SourceDate "2000.01.03"]

1. e4 c5 2. Nc3 Nc6 3. Bb5 Nd4 4. Nf3 Nxb5 5. Nxb5 d6 6. d4 Qa5+ 7. Nc3 cxd4 8.
Nxd4 Nf6 9. Nb3 Qc7 10. Bg5 e6 11. Qd3 a6 12. a4 b6 13. Qf3 Nd7 14. Rd1 Bb7 15.
O-O Nc5 16. Rfe1 h6 17. Nd5 Bxd5 18. exd5 e5 19. Nxc5 hxg5 20. Ne4 Be7 21. c4
Qd7 22. Qe3 Qd8 23. a5 f5 24. Nc3 bxa5 25. c5 O-O 26. c6 g4 27. Qd3 Qb6 28. Na4
Qb5 29. Qc2 g6 30. Re3 Rfc8 31. h3 gxh3 32. Rxh3 Kg7 33. Rg3 Kf7 34. Rc3 Rc7
35. Ra1 Rb8 36. Qd2 Rh8 37. Raa3 Qb4 38. Nc5 Qd4 39. Nb3 Qe4 40. Re3 Qf4 41.
Qxa5 Bd8 1/2-1/2

[Event "20th NATO Chess Ch"]
[Site "?"]
[Date "2009.06.18"]
[Round "6.3"]
[White "Pedersen, Finn"]
[Black "Drabke, Lorenz"]
[Result "1/2-1/2"]
[WhiteElo "2287"]
[BlackElo "2469"]
[PlyCount "150"]
[SourceDate "2000.01.03"]

1. Nf3 d5 2. g3 c6 3. Bg2 Bg4 4. Ne5 Bf5 5. c4 e6 6. cxd5 exd5 7. O-O Bd6 8. d4
Qe7 9. Nc3 Nf6 10. Qb3 h6 11. f3 O-O 12. g4 Bh7 13. h3 Na6 14. f4 Ne4 15. Nxe4
dxe4 16. Nc4 Rad8 17. Nxd6 Rxd6 18. Be3 Kh8 19. f5 f6 20. Qa3 Rd7 21. Qxe7 Rxe7
22. d5 cxd5 23. Bxa7 Rc7 24. Rac1 Rfc8 25. Be3 Nb4 26. Rxc7 Rxc7 27. a3 Nc6 28.
Rc1 Bg8 29. b4 Rd7 30. Bf4 Bf7 31. Kf2 Kh7 32. b5 Ne5 33. Rc8 Nc4 34. Ra8 Nb6
35. Rb8 Nc4 36. a4 Re7 37. e3 b6 38. Bf1 Ra7 39. Bxc4 dxc4 40. Rxb6 Rxa4 41.
Rb7 Ra2+ 42. Kg3 Be8 43. Bd6 c3 44. b6 c2 45. Rc7 Rb2 46. b7 Rxb7 47. Rxc2 Bb5
48. Rb2 Ba6 49. Ra2 Bc4 50. Ra4 Bd3 51. h4 Rb6 52. Bc5 Rc6 53. Bd4 Rc7 54. Kf4
Rb7 55. g5 hxg5+ 56. hxg5 fxg5+ 57. Kxg5 Bb5 58. Ra1 Bd7 59. Kf4 Bc6 60. Ra6
Bd5 61. Rd6 Ba2 62. Kxe4 Rf7 63. Kf4 Bb1 64. e4 Re7 65. Be5 Rb7 66. Rd2 Rb4 67.
Bd4 Kg8 68. e5 g6 69. f6 Kf7 70. Kg5 Bf5 71. Kf4 Ke6 72. Ke3 Rb3+ 73. Kf2 Rd3
74. Rxd3 Bxd3 75. Ke3 Bc4 1/2-1/2

[Event "20th NATO Chess Ch"]
[Site "?"]
[Date "2009.06.18"]
[Round "6.4"]
[White "Moen, Steinar"]
[Black "Vaznonis, Vytautas"]
[Result "0-1"]
[WhiteElo "2214"]
[BlackElo "2338"]
[PlyCount "62"]
[SourceDate "2000.01.03"]

1. c4 Nf6 2. g3 c6 3. Bg2 d5 4. Nf3 Bg4 5. Ne5 Bh5 6. cxd5 cxd5 7. Qb3 Nc6 8.
Nxc6 bxc6 9. d4 e6 10. Qb7 Qc8 11. Qxc8+ Rxc8 12. Nc3 c5 13. dxc5 Bxc5 14. h3
O-O 15. Bd2 Rb8 16. b3 Rfc8 17. e3 Ba3 18. Ne2 Bg6 19. Nf4 Be4 20. f3 Bb2 21.
Ke2 Bxa1 22. Rxa1 Bg6 23. h4 e5 24. Nxg6 hxg6 25. Bh3 Rc2 26. Kd3 Rc7 27. Bc3
e4+ 28. Kd2 Rb5 29. Be5 Rc6 30. Bxf6 Rxf6 31. f4 Rc5 0-1

[Event "20th NATO Chess Ch"]
[Site "?"]
[Date "2009.06.18"]
[Round "6.5"]
[White "Helbig, Mark"]
[Black "Narman, Göhtan"]
[Result "1-0"]
[WhiteElo "2337"]
[BlackElo "2120"]
[PlyCount "91"]
[SourceDate "2000.01.03"]

1. d4 e6 2. c4 f5 3. Nc3 Nf6 4. Bg5 Be7 5. e3 O-O 6. Nge2 d6 7. g3 c6 8. Bg2 h6
9. Bxf6 Bxf6 10. b4 d5 11. Qb3 a6 12. O-O Kh7 13. a4 Nd7 14. a5 b5 15. cxb5
cxb5 16. Nf4 Nb8 17. Rac1 Ra7 18. Nce2 Rff7 19. Nd3 Rfc7 20. Nc5 Be7 21. f4 g5
22. fxg5 hxg5 23. g4 Bxc5 24. dxc5 fxg4 25. Qd3+ Kh6 26. Nd4 Rf7 27. e4 e5 28.
Nf5+ Bxf5 29. exf5 Rad7 30. Qg3 Nc6 31. Qxg4 Qf6 32. Rc3 Kh7 33. h4 Rg7 34. Rh3
Kg8 35. h5 e4 36. h6 Rh7 37. Rh5 Rxh6 38. Rxh6 Qxh6 39. f6 Nb8 40. c6 Rf7 41.
Qe6 Qf8 42. Qxd5 Qxb4 43. c7 Qf8 44. Bxe4 Qc8 45. Qd8+ Rf8 46. f7+ 1-0

[Event "20th NATO Chess Ch"]
[Site "?"]
[Date "2009.06.18"]
[Round "6.6"]
[White "Hole, Oystein"]
[Black "Rosenkilde, Alexander"]
[Result "1-0"]
[WhiteElo "2401"]
[BlackElo "2138"]
[PlyCount "69"]
[SourceDate "2000.01.03"]

1. Nf3 Nf6 2. c4 e6 3. Nc3 d5 4. d4 Nbd7 5. Bg5 c6 6. e3 Bd6 7. Rc1 O-O 8. Be2
dxc4 9. Bxc4 a6 10. O-O b5 11. Bd3 Qb6 12. e4 e5 13. Bxf6 gxf6 14. Bb1 Kh8 15.
dxe5 Bxe5 16. Nxe5 fxe5 17. Qf3 f6 18. Rfd1 b4 19. Ne2 c5 20. Ng3 Ra7 21. Qe3
Rc7 22. Qh6 Rf7 23. Nf5 Rc6 24. Bd3 Nb8 25. Bc4 Be6 26. Bxe6 Rxe6 27. Rxc5 Nc6
28. Rd7 Ree7 29. Rcd5 Rxd7 30. Rxd7 Kg8 31. Rxf7 Kxf7 32. Qxh7+ Ke6 33. Qg8+
Kd7 34. Qd5+ Kc7 35. h4 1-0

[Event "20th NATO Chess Ch"]
[Site "?"]
[Date "2009.06.18"]
[Round "6.7"]
[White "Mestek, Igor"]
[Black "De Haan, Eric"]
[Result "0-1"]
[WhiteElo "2158"]
[BlackElo "2353"]
[PlyCount "66"]
[SourceDate "2000.01.03"]

1. e4 c5 2. Nf3 e6 3. d4 cxd4 4. Nxd4 Nc6 5. Nc3 Qc7 6. Ndb5 Qb8 7. Be3 a6 8.
Bb6 axb5 9. Nxb5 Bb4+ 10. c3 Ba5 11. Nc7+ Qxc7 12. Bxc7 Bxc7 13. Qg4 Be5 14.
Bb5 Nf6 15. Qe2 O-O 16. O-O Bc7 17. a4 d5 18. f3 dxe4 19. fxe4 Ne5 20. Rxf6
gxf6 21. Rf1 b6 22. Rxf6 Bb7 23. Qe3 Kh8 24. h3 Rg8 25. b3 Rg7 26. Be2 Nd7 27.
Qd4 Nxf6 28. Qxf6 Bxe4 29. Bf3 Bxf3 30. Qxf3 Rd8 31. Qc6 f5 32. Qxe6 Bg3 33.
Kf1 Rd1+ 0-1

[Event "20th NATO Chess Ch"]
[Site "?"]
[Date "2009.06.18"]
[Round "6.8"]
[White "Krainski, Jaroslaw"]
[Black "Kertesz, Alfred"]
[Result "1/2-1/2"]
[WhiteElo "2072"]
[BlackElo "2270"]
[PlyCount "31"]
[SourceDate "2000.01.03"]

1. e4 c5 2. Nf3 Nc6 3. d4 cxd4 4. Nxd4 Nf6 5. Nc3 e5 6. Ndb5 d6 7. Bg5 a6 8.
Na3 b5 9. Bxf6 gxf6 10. Nd5 f5 11. c3 Bg7 12. exf5 Bxf5 13. Nc2 O-O 14. Nce3
Be6 15. g3 Ra7 16. Bg2 1/2-1/2

[Event "20th NATO Chess Ch"]
[Site "?"]
[Date "2009.06.18"]
[Round "6.10"]
[White "Alaslar, Devrim"]
[Black "Kedzierski, Slawomir"]
[Result "1-0"]
[WhiteElo "2135"]
[BlackElo "2069"]
[PlyCount "83"]
[SourceDate "2000.01.03"]

1. e4 c6 2. d4 d5 3. exd5 cxd5 4. Bd3 Nf6 5. c3 Nc6 6. Bf4 g6 7. h3 Bg7 8. Nf3
Bf5 9. Bxf5 gxf5 10. Nbd2 O-O 11. g4 Qd7 12. Qc2 Ne4 13. Rg1 Kh8 14. Nh4 Nxd2
15. Qxd2 fxg4 16. hxg4 Rac8 17. Nf3 f6 18. O-O-O e5 19. Be3 b5 20. Kb1 a5 21.
Nh4 e4 22. Nf5 Rf7 23. Bh6 Bf8 24. Bxf8 Rcxf8 25. Rh1 Ne7 26. Rh5 Nxf5 27. Rxf5
Rg8 28. Qf4 Rfg7 29. f3 exf3 30. Qxf3 Rxg4 31. Rxd5 Qg7 32. Rxb5 Rg3 33. Qf4
Rg4 34. Qf1 a4 35. a3 Rg5 36. d5 Qg6+ 37. Qd3 Qe8 38. c4 Rg3 39. Qf5 R8g6 40.
d6 Qe2 41. Qc2 Qe8 42. d7 1-0

[Event "20th NATO Chess Ch"]
[Site "?"]
[Date "2009.06.18"]
[Round "6.11"]
[White "Kartal, Koray"]
[Black "Sirch, Franz"]
[Result "0-1"]
[WhiteElo "1958"]
[BlackElo "2172"]
[PlyCount "92"]
[SourceDate "2000.01.03"]

1. e4 g6 2. d4 Bg7 3. Nf3 d6 4. Nc3 Nf6 5. Be3 c6 6. Be2 O-O 7. O-O Qc7 8. a4
Nbd7 9. h3 b6 10. Qd2 Re8 11. Rfd1 a6 12. e5 Nd5 13. Nxd5 cxd5 14. exd6 Qxd6
15. Bf4 Qc6 16. Bd3 Bb7 17. Re1 f6 18. c4 dxc4 19. Be4 Qc8 20. Bxb7 Qxb7 21. d5
Nc5 22. Rad1 Nd3 23. Re6 Qxd5 24. Rxb6 e5 25. Bh6 Reb8 26. a5 Bxh6 27. Qxh6
Rxb6 28. axb6 e4 29. Ne1 Rb8 30. Qe3 f5 31. f3 Qc6 32. Nxd3 cxd3 33. fxe4 fxe4
34. Re1 Qxb6 35. Qxb6 Rxb6 36. Rxe4 Rxb2 37. Rd4 d2 38. Kh2 a5 39. Kg3 a4 40.
Kf3 a3 41. Rd8+ Kf7 42. Ke2 a2 43. Ra8 Ke6 44. Ra6+ Kd5 45. g3 d1=Q+ 46. Kxd1
Rb1+ 0-1

[Event "20th NATO Chess Ch"]
[Site "?"]
[Date "2009.06.18"]
[Round "6.12"]
[White "Nielsen, Rene"]
[Black "Demjen, Attila"]
[Result "1/2-1/2"]
[WhiteElo "2187"]
[BlackElo "2046"]
[PlyCount "80"]
[SourceDate "2000.01.03"]

1. e4 c6 2. d4 d5 3. Nc3 dxe4 4. Nxe4 Bf5 5. Ng3 Bg6 6. Nf3 Nd7 7. Bc4 e6 8.
Qe2 Be7 9. O-O Ngf6 10. c3 O-O 11. Ne5 c5 12. h4 cxd4 13. cxd4 Rc8 14. Bb3 Nxe5
15. dxe5 Ne8 16. Rd1 Qc7 17. Rd4 Bc5 18. Rc4 f5 19. exf6 Rxf6 20. Be3 b6 21. h5
Bf7 22. Ne4 Rf5 23. g4 Rd5 24. Rc3 Qe7 25. Bxd5 exd5 26. Ng3 Nd6 27. Rac1 Ne4
28. Nxe4 Qxe4 29. Qd1 h6 30. Bxc5 bxc5 31. Rxc5 Rf8 32. R5c3 d4 33. Rd3 Bd5 34.
f3 Qe5 35. Kg2 Qf4 36. Kh3 Bxf3 37. Qb3+ Kh8 38. Rxf3 Qxf3+ 39. Qxf3 Rxf3+ 40.
Kg2 Rd3 1/2-1/2

[Event "20th NATO Chess Ch"]
[Site "?"]
[Date "2009.06.18"]
[Round "6.14"]
[White "Mueller, Jason"]
[Black "Oltean, Gusztav"]
[Result "0-1"]
[WhiteElo "2174"]
[BlackElo "2133"]
[PlyCount "54"]
[SourceDate "2000.01.03"]

1. e4 c5 2. Nf3 e6 3. d4 cxd4 4. Nxd4 a6 5. Bd3 Bc5 6. Nb3 Ba7 7. Qe2 Qc7 8. a4
Ne7 9. O-O Nbc6 10. a5 Ng6 11. Nc3 O-O 12. Kh1 Nf4 13. Qg4 Nxd3 14. Bh6 Nxf2+
15. Rxf2 Qe5 16. Rf3 f5 17. exf5 exf5 18. Qh4 Qf6 19. Bg5 Qf7 20. Rh3 g6 21.
Nd5 h5 22. Nf6+ Kg7 23. Re1 d6 24. Nxh5+ gxh5 25. Bf6+ Qxf6 26. Qxh5 Qg6 27.
Rg3 Qxg3 0-1

[Event "20th NATO Chess Ch"]
[Site "?"]
[Date "2009.06.18"]
[Round "6.15"]
[White "Gooris, Jan"]
[Black "Van Rijn, Wouter"]
[Result "1/2-1/2"]
[WhiteElo "2132"]
[BlackElo "2161"]
[PlyCount "150"]
[SourceDate "2000.01.03"]

1. e4 c5 2. Nc3 Nc6 3. f4 g6 4. Nf3 Bg7 5. Bb5 e6 6. Bxc6 bxc6 7. d3 d5 8. e5
Ne7 9. O-O Ba6 10. Re1 Nf5 11. Na4 Qa5 12. b3 Bf8 13. Bd2 Qc7 14. c4 h5 15. Kh1
Rd8 16. Rc1 Be7 17. Re2 dxc4 18. dxc4 Nd4 19. Rf2 h4 20. Qe1 Rd7 21. Ba5 Qc8
22. Rd1 Rh5 23. Rfd2 h3 24. Qf1 hxg2+ 25. Qxg2 Rf5 26. Qg4 Rh5 27. Nb2 Kf8 28.
Nd3 Kg7 29. Nf2 Qh8 30. Ne4 Qh6 31. Bc3 Rh3 32. Nfg5 Rh4 33. Qg3 Ne2 34. Qf2
Rxd2 35. Bxd2 Nd4 36. Be3 Qh5 37. Rf1 Bb7 38. Bd2 Qg4 39. Rg1 Qh5 40. Be3 a5
41. Ng3 Qh8 42. Rg2 a4 43. N3e4 axb3 44. axb3 Qh5 45. Nd6 Bxg5 46. Rxg5 Qd1+
47. Rg1 Qf3+ 48. Qxf3 Nxf3 49. Rg2 Ba6 50. Ne4 Rh3 51. Nxc5 Bc8 52. Re2 Rh8 53.
Bg1 Rd8 54. Kg2 Nh4+ 55. Kg3 Nf5+ 56. Kf3 f6 57. Be3 Kf7 58. Rd2 Rh8 59. Bd4
Nh4+ 60. Kg4 f5+ 61. Kg3 g5 62. fxg5 Ng6 63. Bc3 f4+ 64. Kg2 Nh4+ 65. Kf1 Kg6
66. Ba5 Nf3 67. Rf2 Nxh2+ 68. Ke2 Kf5 69. Bc7 Ng4 70. Rg2 Kxg5 71. Ne4+ Kh4 72.
Nf6 Nxf6 73. Rh2+ Kg3 74. Rxh8 f3+ 75. Kf1 Ng4 1/2-1/2

[Event "20th NATO Chess Ch"]
[Site "?"]
[Date "2009.06.18"]
[Round "6.16"]
[White "Serralta, Michel"]
[Black "Silva, Jose Luis"]
[Result "1/2-1/2"]
[WhiteElo "2125"]
[BlackElo "2159"]
[PlyCount "95"]
[SourceDate "2000.01.03"]

1. d4 Nf6 2. c4 e6 3. Nc3 c5 4. d5 g6 5. e4 d6 6. Bd3 Bg7 7. Nge2 O-O 8. O-O
Na6 9. dxe6 fxe6 10. f4 Nb4 11. Bb1 a6 12. h3 b6 13. e5 dxe5 14. fxe5 Qxd1 15.
Rxd1 Nd7 16. Be4 Rb8 17. a3 Nxe5 18. axb4 cxb4 19. Na2 a5 20. Bf4 Bb7 21. Bxb7
Rxb7 22. Bxe5 Bxe5 23. Rab1 Rbf7 24. b3 Rf2 25. Nac1 h5 26. Re1 h4 27. Nd3 Bg3
28. Nxg3 hxg3 29. Re3 Rd2 30. Rxg3 Rd8 31. Ne5 Kh7 32. Rf1 Rd1 33. Nxg6 Rxf1+
34. Kxf1 Rg8 35. Rg5 Rxg6 36. Rh5+ Kg7 37. Kf2 Rf6+ 38. Ke3 Rf1 39. Rb5 Rb1 40.
Rxb6 Rxb3+ 41. Kd2 a4 42. Kc2 Rc3+ 43. Kb1 Rxc4 44. Rxe6 Rf4 45. Re2 Kf6 46. g3
Rf1+ 47. Ka2 Rf3 48. Rb2 1/2-1/2

[Event "20th NATO Chess Ch"]
[Site "?"]
[Date "2009.06.18"]
[Round "6.17"]
[White "Razola, Garcia Joaquin"]
[Black "L'Henoret, Thierry"]
[Result "1-0"]
[WhiteElo "2106"]
[BlackElo "2158"]
[PlyCount "57"]
[SourceDate "2000.01.03"]

1. d4 Nf6 2. c4 e6 3. Nc3 c5 4. d5 exd5 5. cxd5 d6 6. e4 g6 7. f4 Bg7 8. Bb5+
Nfd7 9. Bd3 O-O 10. Nf3 Na6 11. O-O Rb8 12. Be3 Nc7 13. a4 a6 14. a5 b5 15.
axb6 Rxb6 16. Qe2 Re8 17. Rad1 Nf6 18. e5 Nfxd5 19. Nxd5 Nxd5 20. Bc4 Nxe3 21.
Qxe3 Be6 22. b3 Qb8 23. Qe4 dxe5 24. fxe5 Bxc4 25. bxc4 Bxe5 26. Qd5 Qd6 27.
Nxe5 Qxe5 28. Qxf7+ Kh8 29. Rd7 1-0

[Event "20th NATO Chess Ch"]
[Site "?"]
[Date "2009.06.18"]
[Round "6.18"]
[White "Franck, Boris"]
[Black "Indbryn, Tommy"]
[Result "0-1"]
[WhiteElo "2122"]
[BlackElo "2158"]
[PlyCount "124"]
[SourceDate "2000.01.03"]

1. e4 c6 2. d4 d5 3. exd5 cxd5 4. c4 Nf6 5. Nf3 Nc6 6. Nc3 e6 7. c5 Ne4 8. Bb5
Bd7 9. O-O Nxc3 10. bxc3 b6 11. Bxc6 Bxc6 12. Ne5 Rc8 13. Nxc6 Rxc6 14. Qa4 Qd7
15. Rb1 Be7 16. cxb6 Rxb6 17. Qxd7+ Kxd7 18. Bf4 Rc8 19. Rxb6 axb6 20. Rb1 Kc6
21. Kf1 Ra8 22. Rb2 Ra3 23. Bd2 f6 24. Ke2 e5 25. Rc2 Bd6 26. g3 b5 27. Rb2 Bc7
28. Rc2 Ba5 29. f4 exf4 30. gxf4 g6 31. Be1 Bc7 32. Bd2 Ba5 33. Be1 Kd6 34. Kd2
b4 35. cxb4 Bxb4+ 36. Ke2 Bxe1 37. Kxe1 Ra4 38. Rb2 Ke6 39. Kf2 Kf5 40. Rb7
Rxa2+ 41. Kg3 Ra3+ 42. Kg2 Kxf4 43. Rxh7 Rd3 44. h4 Rd2+ 45. Kf1 Rxd4 46. h5
gxh5 47. Rxh5 f5 48. Rh4+ Ke5 49. Rh3 Re4 50. Ra3 d4 51. Kf2 Rh4 52. Ke2 Ke4
53. Kf2 Rh2+ 54. Ke1 f4 55. Rb3 f3 56. Ra3 d3 57. Ra8 Re2+ 58. Kd1 f2 59. Re8+
Kd4 60. Rd8+ Kc4 61. Rf8 Re1+ 62. Kd2 f1=Q 0-1

[Event "20th NATO Chess Ch"]
[Site "?"]
[Date "2009.06.18"]
[Round "6.19"]
[White "Onley, David"]
[Black "Lillevold, Frode"]
[Result "0-1"]
[WhiteElo "1952"]
[BlackElo "2154"]
[PlyCount "94"]
[SourceDate "2000.01.03"]

1. e4 e5 2. Nf3 Nc6 3. Bb5 a6 4. Ba4 Nf6 5. O-O Nxe4 6. Re1 Nc5 7. Bxc6 dxc6 8.
Nxe5 Be7 9. d4 Ne6 10. c3 O-O 11. a4 Qd5 12. Qf3 f6 13. Qxd5 cxd5 14. Nd3 Kf7
15. Nf4 c6 16. Nxe6 Bxe6 17. Bf4 g5 18. Bc7 c5 19. Bb6 c4 20. a5 Bd6 21. Nd2
Rac8 22. g3 Bh3 23. Rad1 Rfe8 24. f3 h5 25. Kf2 h4 26. Rxe8 Rxe8 27. b4 Bf5 28.
Nf1 Bd3 29. Ne3 hxg3+ 30. hxg3 Bxg3+ 31. Kxg3 Rxe3 32. Kf2 Re2+ 33. Kg1 Kg6 34.
Bc7 Kh5 35. Bg3 g4 36. Re1 gxf3 37. Rxe2 fxe2 38. Be1 Kg4 39. Kf2 Kf4 40. Bd2+
Ke4 41. Be1 f5 42. Bd2 f4 43. Be1 f3 44. Bd2 Bc2 45. Be1 Ba4 46. Bd2 Be8 47.
Be1 Bh5 0-1

[Event "20th NATO Chess Ch"]
[Site "?"]
[Date "2009.06.18"]
[Round "6.20"]
[White "Giua, Fréderic"]
[Black "Nielsen, Jan Mose"]
[Result "1/2-1/2"]
[WhiteElo "2223"]
[BlackElo "2099"]
[PlyCount "81"]
[SourceDate "2000.01.03"]

1. e4 c5 2. f4 a6 3. a4 Qc7 4. d3 e6 5. Nf3 b6 6. g3 Bb7 7. Qe2 Ne7 8. Nc3 d5
9. Bh3 d4 10. Nd1 Nbc6 11. O-O O-O-O 12. Ng5 Ng6 13. f5 exf5 14. Rxf5 Kb8 15.
Rxf7 Qd6 16. Rxb7+ Kxb7 17. Nf7 Qc7 18. Nxd8+ Qxd8 19. Nf2 Bd6 20. Bf5 Nge5 21.
Ng4 g6 22. Nxe5 Nxe5 23. Bh3 Rf8 24. Bh6 Rf7 25. Be6 Rc7 26. Rf1 Ka7 27. b3 a5
28. Kg2 Qe8 29. Bd5 Qd7 30. Bf8 Ng4 31. Rf7 Ne3+ 32. Kg1 Qd8 33. Bxd6 Rxf7 34.
Bxf7 Qxd6 35. Qf2 g5 36. Bc4 Qe7 37. Qf7 Qxf7 38. Bxf7 Ng4 39. Kg2 Ne5 40. Bd5
Kb8 41. Be6 1/2-1/2

[Event "20th NATO Chess Ch"]
[Site "?"]
[Date "2009.06.18"]
[Round "6.21"]
[White "Schott, Guido"]
[Black "Kilic, Mehmet"]
[Result "1/2-1/2"]
[WhiteElo "2196"]
[BlackElo "2096"]
[PlyCount "33"]
[SourceDate "2000.01.03"]

1. e4 c5 2. Nc3 e6 3. g3 Nc6 4. Bg2 g6 5. d3 Bg7 6. Be3 Nd4 7. Nce2 Ne7 8. c3
Nxe2 9. Nxe2 d6 10. d4 b6 11. dxc5 dxc5 12. Qxd8+ Kxd8 13. O-O Ba6 14. Rfd1+
Kc7 15. Nf4 Rad8 16. Bh3 e5 17. Ng2 1/2-1/2

[Event "20th NATO Chess Ch"]
[Site "?"]
[Date "2009.06.18"]
[Round "6.22"]
[White "Skindzier, Saturnin"]
[Black "Cheung, Jan"]
[Result "1-0"]
[WhiteElo "2186"]
[BlackElo "2080"]
[PlyCount "57"]
[SourceDate "2000.01.03"]

1. d4 Nf6 2. Nf3 g6 3. c4 c5 4. Nc3 cxd4 5. Nxd4 Nc6 6. e4 d6 7. Be2 Bg7 8. Nc2
O-O 9. O-O Be6 10. f3 Rc8 11. Be3 Nd7 12. Qd2 Nde5 13. Nd5 f5 14. Kh1 Kh8 15.
Bh6 Bxh6 16. Qxh6 Qe8 17. b3 Qf7 18. Rad1 Qg7 19. Qd2 Bg8 20. f4 Nf7 21. exf5
gxf5 22. Nce3 e6 23. Nc3 Rcd8 24. Bf3 Rd7 25. Rfe1 Re8 26. Nxf5 Qf6 27. Ng3 e5
28. Nd5 Qd8 29. Bg4 1-0

[Event "20th NATO Chess Ch"]
[Site "?"]
[Date "2009.06.18"]
[Round "6.23"]
[White "De Waard, Marco"]
[Black "Szczesniak, Andrzej"]
[Result "1/2-1/2"]
[WhiteElo "2160"]
[BlackElo "2087"]
[PlyCount "32"]
[SourceDate "2000.01.03"]

1. d4 Nf6 2. c4 c5 3. d5 e6 4. Nc3 exd5 5. cxd5 Bd6 6. Nf3 Bc7 7. e4 d6 8. Bf4
O-O 9. Nd2 a6 10. a4 Re8 11. Be2 Nbd7 12. O-O Rb8 13. h3 Nf8 14. Qc2 Ng6 15.
Bg5 h6 16. Be3 Bd7 1/2-1/2

[Event "20th NATO Chess Ch"]
[Site "?"]
[Date "2009.06.18"]
[Round "6.24"]
[White "Pedersen, Lars Erik"]
[Black "Cimer, Stefan"]
[Result "1/2-1/2"]
[WhiteElo "2049"]
[BlackElo "2150"]
[PlyCount "87"]
[SourceDate "2000.01.03"]

1. e4 e6 2. d3 d5 3. Nd2 b6 4. g3 Bb7 5. Bg2 Nf6 6. Ngf3 dxe4 7. Ng5 Qc8 8.
Ngxe4 Nbd7 9. O-O Be7 10. b3 O-O 11. Bb2 Rb8 12. a4 a5 13. Qe2 Nxe4 14. Nxe4
Bxe4 15. Qxe4 Bf6 16. d4 c5 17. Rad1 Rd8 18. Ba1 cxd4 19. Bxd4 Nc5 20. Qe3 Rxd4
21. Rxd4 Bxd4 22. Qxd4 Qd8 23. Rd1 Qxd4 24. Rxd4 Kf8 25. Kf1 Ke7 26. Ke2 e5 27.
Rd5 f6 28. Kd2 Rc8 29. Bh3 Rc7 30. f3 Rc6 31. Bf1 Rc8 32. Bc4 Rc7 33. Bb5 Rc8
34. Ke3 Rc7 35. Rd1 Rc8 36. Rb1 g6 37. Rd1 Rc7 38. Ra1 Ne6 39. Bc4 Nc5 40. Bb5
Ne6 41. Bc4 Nc5 42. Bg8 Kf8 43. Bc4 Ke7 44. Bb5 1/2-1/2

[Event "20th NATO Chess Ch"]
[Site "?"]
[Date "2009.06.18"]
[Round "6.26"]
[White "Nielsen, Henrik"]
[Black "Mottais, Francois"]
[Result "0-1"]
[WhiteElo "2011"]
[BlackElo "2054"]
[PlyCount "80"]
[SourceDate "2000.01.03"]

1. d4 d5 2. Nf3 Nc6 3. Bf4 Bg4 4. Nbd2 e6 5. e3 Bd6 6. Bg3 Nf6 7. Be2 O-O 8.
Ne5 Bxe2 9. Qxe2 Bxe5 10. dxe5 Nd7 11. Nf3 Qe7 12. c3 Nc5 13. h3 Ne4 14. Bh2
Na5 15. Nd2 Nxd2 16. Qxd2 c5 17. O-O Nc6 18. Rad1 Rad8 19. Qe2 a6 20. Kh1 Qh4
21. f4 f5 22. Qf3 b5 23. Rg1 a5 24. g4 fxg4 25. Qe2 gxh3 26. Rg4 Qe7 27. Qxb5
Qc7 28. Qxc5 Qb7 29. Kg1 Ne7 30. Rd2 Nf5 31. Re2 Rc8 32. Qxa5 Ra8 33. Qb4 Qa6
34. Kf2 Qxa2 35. Qc5 Qb1 36. Rg1 Qe4 37. b4 Nh4 38. Rg3 Rxf4+ 39. exf4 Qxf4+
40. Rf3 Qxf3+ 0-1

[Event "20th NATO Chess Ch"]
[Site "?"]
[Date "2009.06.18"]
[Round "6.27"]
[White "Eriksson, Christian"]
[Black "Christen, Pierre"]
[Result "1-0"]
[WhiteElo "2122"]
[BlackElo "2024"]
[PlyCount "97"]
[SourceDate "2000.01.03"]

1. e4 c6 2. d4 d5 3. Nc3 dxe4 4. Nxe4 Nd7 5. Ng5 Ngf6 6. Bd3 e6 7. N1f3 h6 8.
Ne4 Nxe4 9. Bxe4 Bd6 10. O-O Qc7 11. Qe2 O-O 12. Bd3 c5 13. h3 Nf6 14. c3 b6
15. Ne5 Bb7 16. Bf4 Rfd8 17. Rac1 Nd7 18. Rfe1 Nf8 19. Qg4 f6 20. Bb1 Bxe5 21.
dxe5 f5 22. Qg3 Kh8 23. h4 Qf7 24. Rcd1 Rd7 25. Rd6 Qh5 26. Bc2 Rad8 27. Bd1
Qf7 28. h5 Bd5 29. a3 Kh7 30. Bf3 Bxf3 31. Qxf3 g5 32. hxg6+ Nxg6 33. Red1 Nxf4
34. Qxf4 Rxd6 35. exd6 Qd7 36. Qe5 Rg8 37. Rd3 Rg4 38. f3 Rg7 39. b4 Qb5 40.
Re3 Qd7 41. Qxe6 Qxe6 42. Rxe6 Rg8 43. Re7+ Kg6 44. Rxa7 cxb4 45. cxb4 Rd8 46.
d7 Kf7 47. Rb7 Ke7 48. Rxb6 h5 49. a4 1-0

[Event "20th NATO Chess Ch"]
[Site "?"]
[Date "2009.06.18"]
[Round "6.28"]
[White "Kersic, Matej"]
[Black "Bonnelykke, Ole"]
[Result "0-1"]
[WhiteElo "2142"]
[BlackElo "2101"]
[PlyCount "64"]
[SourceDate "2000.01.03"]

1. e4 c5 2. Nf3 e6 3. Be2 a6 4. c4 Nc6 5. Nc3 Qc7 6. O-O Nf6 7. d4 cxd4 8. Nxd4
h5 9. Nxc6 dxc6 10. Be3 Bd7 11. f4 c5 12. e5 Ng4 13. Bxg4 hxg4 14. Qxg4 O-O-O
15. Rad1 Be7 16. Ne4 f5 17. Qxg7 Rde8 18. Nd6+ Bxd6 19. exd6 Qc6 20. Qe5 Reg8
21. Rf2 b6 22. b4 cxb4 23. Rb1 a5 24. a3 Rh3 25. Rd2 Rgh8 26. axb4 Rxh2 27. b5
Qxc4 28. Rdb2 Kb7 29. Kf2 Rg8 30. Rg1 Rg4 31. Rd2 Bxb5 32. d7 Rhxg2+ 0-1

[Event "20th NATO Chess Ch"]
[Site "?"]
[Date "2009.06.18"]
[Round "6.30"]
[White "Delforge, Guy"]
[Black "Geroly, Jozsef"]
[Result "1/2-1/2"]
[WhiteElo "2173"]
[BlackElo "1978"]
[PlyCount "103"]
[SourceDate "2000.01.03"]

1. e4 g6 2. d4 Bg7 3. Nc3 d6 4. Nf3 a6 5. Bc4 b5 6. Bb3 Bb7 7. a3 Nd7 8. O-O c5
9. Bd5 Bxd5 10. Nxd5 e6 11. Nc3 Qc7 12. d5 e5 13. Ne2 Ngf6 14. Ng3 c4 15. Bg5
h6 16. Bxf6 Bxf6 17. Qd2 Nc5 18. Qe3 Qd8 19. b3 Bg5 20. Nxg5 hxg5 21. bxc4 g4
22. f4 Qh4 23. fxe5 Qxh2+ 24. Kf2 Rh3 25. Rh1 Qxg3+ 26. Qxg3 Nxe4+ 27. Ke3
Rxg3+ 28. Kxe4 O-O-O 29. cxb5 Re8 30. e6 fxe6 31. dxe6 Rxe6+ 32. Kd5 Re5+ 33.
Kxd6 Rxb5 34. c4 Rh5 35. Rxh5 gxh5 36. Rh1 Rxg2 37. Rxh5 Rd2+ 38. Kc6 g3 39.
Rg5 g2 40. Rg8+ Rd8 41. Rxg2 Kb8 42. c5 Ka8 43. Kb6 Rc8 44. c6 Kb8 45. Rg6 a5
46. Kxa5 Kc7 47. Kb5 Rb8+ 48. Kc5 Rb2 49. Rg7+ Kc8 50. Rg4 Kc7 51. a4 Rb1 52.
Rc4 1/2-1/2

[Event "20th NATO Chess Ch"]
[Site "?"]
[Date "2009.06.18"]
[Round "6.31"]
[White "Tommasini, Enzo"]
[Black "Parisse, Denis"]
[Result "0-1"]
[WhiteElo "2171"]
[BlackElo "1960"]
[PlyCount "72"]
[SourceDate "2000.01.03"]

1. d4 Nf6 2. c4 c5 3. e3 g6 4. Nc3 Bg7 5. Nf3 O-O 6. Be2 d6 7. O-O Nbd7 8. b3
b6 9. Bb2 Bb7 10. Qc2 a6 11. Rad1 Qc7 12. e4 cxd4 13. Nxd4 Nc5 14. Nd5 Nxd5 15.
cxd5 Rac8 16. Bg4 Nd7 17. Qe2 Qd8 18. f4 Rc7 19. e5 Bxd5 20. Nf5 gxf5 21. Bxf5
e6 22. Rxd5 exf5 23. Rxd6 Qe7 24. Qh5 f6 25. Re1 fxe5 26. fxe5 Nxe5 27. Rdd1
Rc2 28. Bd4 Qc7 29. Qh3 Ng4 30. Bxg7 Kxg7 31. Qh4 Qc5+ 32. Kh1 Nf2+ 33. Kg1
Nxd1+ 34. Kh1 Nf2+ 35. Kg1 Nh3+ 36. Kh1 Qg1+ 0-1